1347 1888 1497 1468 1791 1131 1194 1031 1755 1272 1837 1776 1038 1662 1911 1738 1883 1215 1547 1516 1872 1923 1102 1377 1317 1922 1731 1196 1651 1661 1149 1821 1024 1413 1720 1909 1576 1659 1786 1537 1686 1256 1156 1186 1312 1370 1246 1494 1226 1842 1836 1539 1581 1091 1233 1470 1086 1336 1180 1050 1369 1954 1611 1885 1355 1783 1476 1603 1519 1424 1321 1673 1622 1652 1531 1295 1122 1515 1697 1570 1126 1241 1675 1660 1538 1947 1980 1268 1627 1404 1622 1057 1948 1478 1973 1695 1401 1701 1781 BCNSPRNW ULIB Ver.6.0+V

เปลี่ยนเป็นภาษาไทย

Change to English
 แสดงรายละเอียดบรรณานุกรม
  กลับหน้าหลัก

Brief Record : Get Marc (ISO 2709) : E-mail record : QR code < ปิดหน้าต่าง
LEADER : 00000nam a2200000Ia 4500
001    13399114624
003     ULIB
008    111228s2554 th a 000 0 tha d
020    ^a9786167323442
060 04 ^aWA540.JT3^bร852
245 00 ^aเรื่องเด่นที่เห็นมา /^cคณะนักเขียน, เปล่ง ทองสม ... [และคนอื่นๆ] ; บรรณาธิการ, นวพร เรืองสกุล, จเด็จ ธรรมธัชอารี
250    ^aพิมพ์ครั้งที่ 1
260    ^aกรุงเทพฯ :^bสำนักงานหลักประกันสุขภาพแห่งชาติ,^c2554
300    ^a320 หน้า :^bภาพประกอบ ;^c22 ซม.
500    ^aSend to Single Search
650  4 ^aประกันสุขภาพแห่งชาติ^zไทย
650  4 ^aประกันสุขภาพ^zไทย
650  4 ^aบริการทางการแพทย์^zไทย
650  4 ^aสวัสดิการด้านการรักษาพยาบาล^zไทย
700 0  ^aเปล่ง ทองสม
700 0  ^aนวพร เรืองสกุล,^eบรรณาธิการ
700 0  ^aจเด็จ ธรรมธัชอารี,^eบรรณาธิการ
710 2  ^aสำนักงานหลักประกันสุขภาพแห่งชาติ
945    ^p0^l0^i031669
995    ^a เกษร
999 ^a ใช้งานได้ทุกระบบ
รายการนี้ยังไม่มีแท็ก
คุณยังไม่ได้ล็อกอิน คุณสามารถมีกิจกรรมร่วมกับเว็บไซต์ได้ แต่ต้องล็อกอินก่อน ::
  ล็อกอิน

รายการสื่อสารสนเทศ

ลำดับที่ ประเภท เลขเรียก/บาร์โค้ด สถานที่ สถานะ
1. วิทยาศาสตร์การแพทย์ และสุขภาพ
หนังสือสำรอง
สถานะ=หนังสือสำรอง
WA540.JT3 ร852 ฉ.1 
  Barcode: 031669
ห้องสมุดวิทยาเขตสวรรค์ประชารักษ์
►ส่วนจัดเก็บหนังสือเก่า สปร
บนชั้น
  ขอยืม

BibComment


ยังไม่เคยถูกคอมเมนท์

คอมเมนท์ทรัพยากรรายการนี้
  คอมเมนท์: เรื่องเด่นที่เห็..


 Copyright 2026. Bcnsprnw @Library